01245cam a22003135a 4500001001000000003000400010005001700014008004100031020001800072040004400090082002800134100002100162245009300183250001200276260006900288300003500357490004200392504005100434650004200485650006000527650006400587651001000651653002500661700003000686776003500716942000800751999001700759952015500776017635370OSt20161208135038.0151123t2016 enka frb 001 0 eng d z9781138921740 aStDuBDSbengcStDuBDSdUkdEG-ScBUEepn04222a338.4791091724bTEL1 aTelfer, David J.10aTourism and development in the developing world /cDavid J. Telfer and Richard Sharpley. a2nd ed. aOxon ;aNew York :bRoutledge / Taylor & Francis Group,cc.2016. axxii, 438 p. :bill. ;c24 cm.0 aRoutledge perspectives on development aIncludes bibliographical references and index. 7aTourismzDeveloping countries.2BUEsh 7aTourismxEconomic aspectszDeveloping countries.2BUEsh 7aSustainable developmentzDeveloping countries2BUEsh936185 2BUEsh bBUSADMcDecember20161 aSharpley, Richard,d1956-08iPrint version :z9781138921733 2ddc c23530d23502 00102ddc40708AlahramaMAINbMAINc1STd2016-12-08ePurchaseg381.00l1o338.4791091724 TELp000040315r2025-07-15 00:00:00s2019-04-07v476.25yBB